000 00501nam a2200169Ia 4500
003 IN-BaIIA
008 211028s9999 xx 000 0 eng d
020 _a0-471-09045-X
040 _cIIA Library
080 _a533
_bNIC
100 _aNicholson Dwight, R.
_913590
245 0 _aIntroduction to plasma theory
_cR. Nicholson Dwight
260 _aNew York
_bJohn Wiley & Sons
_c1983
300 _axii, 292p.
650 _aPlasmas-Ionized gas
_912257
942 _cBK
999 _c8053
_d8053